000 00705nam a2200229 i 4500
001 bg
100 1 _aKALINOWSKI, Bogusław
245 1 0 _aĆwiczenia laboratoryjne z elektroniki 2 /
_cBogusław Kalinowski.
260 _aWarszawa :
_bOficyna Wydawnicza Politechniki Warszawskiej,
_c2000.
300 _a218 s. :
_bil. ;
_c24 cm.
504 _aBibliogr. przy rozdz.
650 9 _aElektronika
655 _aPodręczniki akademickie
020 _a8372072191
040 _cBPK
041 0 _apl
080 _a621.38(075.8)
920 _a83-7207-219-1
942 _cKS
008 s pl f |000 0 pol
999 _c40219
_d40219
856 _uhttp://koha.tu.koszalin.pl/cgi-bin/koha/opac-detail.pl?biblionumber=40219
_yKatalog online BPK